|
|
|
|
| LEADER |
00000nab a2200000 a 4500 |
| 001 |
vtls008160253 |
| 003 |
SK-MaSNL |
| 005 |
20260304134949.0 |
| 008 |
250505c2001 xo mr|p|||||||000 b|slo |
| 015 |
|
|
|a SNBRB2005/06
|2 snkbucl
|
| 035 |
|
|
|a (uuid)33df5188-01be-4d2a-8cfd-f2f12203ee7e
|
| 035 |
|
|
|a urn:nbn:sk:snk-abv7g
|
| 035 |
|
|
|a (urnnbn)urn:nbn:sk:snk:ar-00587z
|
| 038 |
|
|
|a SNKBUCL
|
| 040 |
|
|
|a SNKBUCL
|b slo
|c SNKBUCL
|e AACR2
|
| 041 |
0 |
|
|a eng
|
| 044 |
|
|
|a xo
|c SK
|
| 080 |
|
|
|a 630*16:581.15
|x (4)
|2 1997
|
| 080 |
|
|
|a 581.15
|x (4)
|2 1997
|
| 080 |
|
|
|a 581.5
|x (4)
|2 1997
|
| 080 |
|
|
|a 582.475
|x (4)
|2 1997
|
| 080 |
|
|
|a 582.632.2
|x (4)
|2 1997
|
| 245 |
0 |
0 |
|a Patterns of genetic diversity distribution in three main Central European montane tree species: Picea abies KARST., Abies alba MILL. and Fagus sylvatica L.
|c Ladislav Paule ... [et al.]
|
| 300 |
|
|
|b Obr.
|
| 504 |
|
|
|a Bibliogr. odkazy
|
| 546 |
|
|
|a Res. angl.
|
| 650 |
0 |
7 |
|a smrek obyčajný
|2 snkbucl
|9 20895
|
| 650 |
0 |
7 |
|a jedľa biela
|2 snkbucl
|9 14924
|
| 650 |
0 |
7 |
|a buk lesný
|2 snkbucl
|9 19857
|
| 650 |
0 |
7 |
|a genetická variabilita
|2 snkbucl
|9 74873
|
| 651 |
|
7 |
|a Karpaty (pohorie)
|2 snkbucl
|9 157023
|
| 700 |
1 |
|
|a Paule, Ladislav,
|d 1947-
|4 aut
|9 243789
|
| 700 |
1 |
|
|a Gömöry, Dušan
|4 aut
|9 9060
|
| 700 |
1 |
|
|a Longauer, Roman
|4 aut
|9 11258
|
| 700 |
1 |
|
|a Krajmerová, Diana
|4 aut
|9 323085
|
| 773 |
0 |
|
|t Lesnícky časopis = Forestry journal
|g Roč. 47, č. 2 (2001), s. 153-163
|
| 850 |
|
|
|a Slovenská národná knižnica
|
| 852 |
|
|
|a Slovenská národná knižnica
|
| 954 |
|
|
|a odborná, vedecká literatúra pôvodná (slovenská)
|2 lita
|
| 958 |
|
|
|a article27
|
| 958 |
|
|
|a NB
|
| 958 |
|
|
|a OND
|
| 958 |
|
|
|a EUIPO
|
| 999 |
|
|
|c 2908903
|d 2910833
|